Sports Quiz

Random Sports or Football Quiz
Score 0/41 Timer 04:00
0 Plays Today
Answer % Correct
All
100%
Allez
100%
Allez
100%
Allez
100%
We've
93.1%
Europe
93.1%
Of
93.1%
From
93.1%
To
93.1%
We've
93.1%
The
93.1%
And
93.1%
The
93.1%
Of
93.1%
We
93.1%
And
93.1%
We
93.1%
Liverpool
93.1%
From
93.1%
Won
91.4%
Conquered
89.7%
Answer % Correct
Lot
89.7%
Come
89.7%
Paris
87.9%
Turkey
87.9%
Anfield
87.9%
Down
86.2%
F***ing
86.2%
We're
84.5%
Gonna
84.5%
Road
84.5%
Never
82.8%
Stop
82.8%
Fields
82.8%
Are
82.8%
Supporters
82.8%
Bill
79.3%
Bob
77.6%
Shankly
77.6%
Paisley
75.9%
Loyal
69%

You're not logged in!

Compare scores with friends on all Sporcle quizzes.
OR
Log In

Sporcle TV

Today on Sporcle TV


Watch our educational content, quiz creation guides, and fun videos on Sporcle TV.

Show Comments

Extras

Top Quizzes Today


Score Distribution

Paid Content

Your Account Isn't Verified!

In order to create a playlist on Sporcle, you need to verify the email address you used during registration. Go to your Sporcle Settings to finish the process.

Report this User

Report this user for behavior that violates our Community Guidelines.

Details: